| 000 | 01172nam a2200277 a 4500 | ||
|---|---|---|---|
| 001 | 000027835 | ||
| 005 | 20260114121206.0 | ||
| 008 | 110405s2004 dr 000 0 spa d | ||
| 040 |
_aDO-SdBNP _bspa _cBNPHU |
||
| 082 |
_a370.115 _bR457e, 2004 |
||
| 100 | 1 |
_aReyes, Eileen, de los _954905 |
|
| 245 | 1 | 0 |
_aEducación, tecnología y sociedad / _cEileen de los Reyes, María P. Ruiz-Gutiérrez. |
| 250 | _a2ª ed. | ||
| 260 |
_aSanto Domingo : _bFUNGLODE, _c2004. |
||
| 300 |
_a57 p. ; _c24 cm. |
||
| 490 | 1 |
_aPensamiento Contemporáneo _v5 |
|
| 505 | 0 |
_tLa educación como promotora de la democracia participativa / _rEileen de los Reyes -- _tTecnología educativa: nuevos retos, nuevas perspectivas / _rMaría P. Ruiz-Gutiérrez. |
|
| 590 | _aInventariado, 2018/LP | ||
| 650 | 4 |
_aEducación _xInnovaciones tecnológicas _xEnsayos, conferencias, etc. _954906 |
|
| 650 | 0 |
_aTecnología educativa _918772 |
|
| 650 | 4 |
_aSociología de la educación _xEnsayos, conferencias, etc. _938536 |
|
| 650 | 0 |
_aEducación cívica _91206 |
|
| 700 | 1 |
_aRuiz Gutiérrez, María P. _954907 |
|
| 830 | 0 |
_aPensamiento Contemporáneo ; _v5 _97292 |
|
| 910 | _aValidado. Control de calidad EMS | ||
| 999 |
_c27327 _d27327 |
||